| 000 | 00851nas a2200301 4500 | ||
|---|---|---|---|
| 001 | BR0400560 | ||
| 003 | BR-BrBNA | ||
| 005 | 20231205104344.0 | ||
| 007 | ta | ||
| 008 | 230509b bl.|||p| |||| 00| 00por d | ||
| 040 |
_aBR-BrBNA _bpor _cBiblioteca Nacional de Agricultura |
||
| 041 | _a(Pt) | ||
| 072 | _aF03 | ||
| 100 | 1 | _aSilveira, M.A.M. | |
| 100 | 1 | _aVillela F.A. | |
| 100 | 1 | _aTillmann, M.A.A. | |
| 245 | 1 | _aMaturação fisiológica de sementes de calêndula (Calendula officinalis L.) | |
| 650 | _aPLANTA MEDICINAL | ||
| 650 | _aMATURAÇÃO | ||
| 650 | _aSEMENTE | ||
| 650 | _aTAMANHO | ||
| 650 | _aCOR | ||
| 650 | _aPESO | ||
| 650 | _aCOLHEITA | ||
| 773 | 0 |
_tRevista Brasileira de Sementes (Brazil) _xISSN 0101-3122 _g(2002), v. 24(2) p. 31-37 _wBR0400560 |
|
| 909 |
_a202311 _bLúcia _c55 _dLúcia Elande |
||
| 942 |
_2AGRIS _n0 _cANA |
||
| 999 |
_c177726 _d177726 |
||